000 00499nam a2200157 a 4500
001 000029261
005 20200930055431.0
008 110414s1987 dr r 000 0 spa d
040 _aDO-SdBNP
_bspa
_cBNPHU
082 _axxxx
_bV715
100 1 _aVillamán, Marcos
_9760
245 1 0 _aMetodología para la formación de la conciencia crítica :
_bdimensión valorativa /
_cMarcos Villamán.
260 _aSanto Domingo :
_bCentro Poveda,
_c1987.
300 _a32 p. ;
_c14 cm.
500 _aFolleto no. 2
999 _c28753
_d28753